The nematode parasites of plants catalogued under their hosts
Spremljeno u:
| Glavni autor: | |
|---|---|
| Format: | Knjiga |
| Jezik: | Undetermined |
| Izdano: |
London, England
CAB
1965
|
| Teme: | |
| Oznake: |
Dodaj oznaku
Bez oznaka, Budi prvi tko označuje ovaj zapis!
|
| Thư viện lưu trữ: | Trung tâm Học liệu Trường Đại học Cần Thơ |
|---|
| LEADER | 00573nam a2200181Ia 4500 | ||
|---|---|---|---|
| 001 | CTU_20993 | ||
| 008 | 210402s9999 xx 000 0 und d | ||
| 082 | |a 632.520216 | ||
| 082 | |b G647 | ||
| 100 | |a J Basil Goodey | ||
| 245 | 4 | |a The nematode parasites of plants catalogued under their hosts | |
| 245 | 0 | |c J Basil Goodey, mary T Franklin | |
| 260 | |a London, England | ||
| 260 | |b CAB | ||
| 260 | |c 1965 | ||
| 650 | |a agriculture - research,nematode diseases of plants,plant diseases | ||
| 904 | |i Minh, 980103 | ||
| 980 | |a Trung tâm Học liệu Trường Đại học Cần Thơ | ||